[Event "World Cup U16 Girls Prel"]
[Site "Tornelo INT"]
[Date "2021.08.06"]
[Round "6"]
[White "Bertorello, Constanza"]
[Black "Marape, Naledi"]
[Result "0-1"]
[WhiteElo "1567"]
[BlackElo "1734"]
[PlyCount "36"]
[EventDate "2021.08.06"]
[EventType "swiss (rapid)"]
[EventRounds "10"]
[EventCountry "NET"]
[SourceTitle "EXT 2025"]
[Source "ChessBase"]
[SourceDate "2024.10.14"]
[SourceVersion "1"]
[SourceVersionDate "2024.10.14"]
[SourceQuality "1"]

1. e4 c5 2. Nc3 d6 3. d4 cxd4 4. Qxd4 Nf6 5. b3 a6 6. Bb2 Nc6 7. Qd2 e5 8. Nge2 Be7 9. 0-0-0 0-0 10. Kb1 b5 11. f3 Rb8 12. g4 a5 13. h4 a4 14. g5 Nh5 15. Nd5 axb3 16. axb3 Ra8 17. Nxe7+ Qxe7 18. Qxd6 Rd8 0-1

[Event "World Cup U16 Girls Prel"]
[Site "Tornelo INT"]
[Date "2021.08.06"]
[Round "2"]
[White "Muturi, Elsie"]
[Black "Bertorello, Constanza"]
[Result "0-1"]
[WhiteElo "1086"]
[BlackElo "1567"]
[PlyCount "56"]
[EventDate "2021.08.06"]
[EventType "swiss (rapid)"]
[EventRounds "10"]
[EventCountry "NET"]
[SourceTitle "EXT 2025"]
[Source "ChessBase"]
[SourceDate "2024.10.14"]
[SourceVersion "1"]
[SourceVersionDate "2024.10.14"]
[SourceQuality "1"]

1. e4 e5 2. Nf3 Nf6 3. Nc3 Nc6 4. Bc4 Nxe4 5. Nxe4 d5 6. Bd3 dxe4 7. Bxe4 Bd7 8. 0-0 Bd6 9. c3 0-0 10. Qb3 Rb8 11. d3 Kh8 12. Be3 f5 13. Bd5 Na5 14. Qc2 c6 15. Bb3 Nxb3 16. Qxb3 b6 17. Bg5 Qe8 18. Rae1 Qg6 19. Bd2 Rbe8 20. Nh4 Qh5 21. g3 g5 22. Ng2 f4 23. gxf4 gxf4 24. Re4 Be6 25. d4 Bxb3 26. dxe5 Rxe5 27. Ree1 Rxe1 28. Rxe1 f3 0-1